| 000 | 00720nam a2200157 a 4500 | ||
|---|---|---|---|
| 001 | 000047313 | ||
| 005 | 20201002053535.0 | ||
| 008 | 140515s2010 dr ac 000 0 spa d | ||
| 040 |
_aDO-SdBNP _bspa _cBNPHU |
||
| 082 |
_axxxx _bR426m, |
||
| 110 | 1 |
_aRepública Dominicana _bInstituto de Formación Técnico Profesional (INFOTEP) _972079 |
|
| 245 | 1 | 0 |
_aManual informativo dle contrato de aprendizaje : _bDepartamento de Orientación y Empleo /. |
| 260 |
_aSanto Domingo : _bINFOTEP, _c[199?]. |
||
| 300 |
_a24 p. : _bil. ; _c26 cm. |
||
| 505 |
_aIntroducción -- _tantecedentes históricos -- _tconcepto -- _tVentajas que ofrece el contrato de aprendizaje -- _tDatos que debe contener del contrato de aprendizaje para du validez . |
||
| 999 |
_c46801 _d46801 |
||